000 00653nam a2200205 a 4500
003 SISC
005 20160610150904.0
008 110110s19uu xx 00 eng d
020 _a9780071591584
050 _aHB 119.G74
_b.F55 2008
100 _aFleckenstein, William A.
245 _aGreenspan's bubbles :
_bthe age of ignorance at the federal reserve /
260 _aNew York :
_bMcGrawHill,
_c2008.
300 _a194 pages :
_c20 cm.
_billustrations ;
650 _aBoard of governors of the Federal Reserve System.
650 _aStock Market Bubble,1995-2000.
700 _awith Frederick Sheehan
942 _cBK
_2lcc
_kFOR
999 _c24280
_d24280